000 00336nam a2200145Ia 4500
008 090124s9999 xx 000 0 und d
082 _b135135
245 _a नातं
250 _a1
260 _bगाडेकर गौरी
_c2007
300 _a160
630 _a नातं
730 _a नातं
942 _cBOOK
999 _c200008
_d200008